Real Housewives of Beverly Hills Cast - Statistics

General Stats
  • This quiz has been taken 481 times
    342 since last reset
  • The average score is 16 of 21
Answer Stats
Seasons Answer % Correct
1-9 Lisa Vanderpump
100%
1- Kyle Richards
99%
5- Lisa Rinna
99%
1-5 Kim Richards
97%
3-5 Brandi Glanville
89%
1-2 Camille Grammer
86%
7- Dorit Kemsley
86%
6- Erika Girardi
84%
1-3 Taylor Armstrong
84%
1-3 Adrienne Maloof
83%
10- Garcelle Beauvais
79%
11- Sutton Stracke
78%
3-6 Yolanda Hadid
75%
11- Crystal Kung Minkoff
72%
9-10 Denise Richards
71%
4 Carlton Gebbia
70%
5-7 Eileen Davidson
70%
4 Joyce Giraud de Ohoven
65%
8-10 Teddi Mellencamp Arroyave
61%
12- Diana Jenkins
47%
6 Kathryn Edwards
45%
No matching quizzes found
Score Distribution
Percent of People with Each Score
Percentile by Number Answered
Your Score History
You have not taken this quiz since the last reset